Business research methods / (Record no. 346256)

000 -LEADER
fixed length control field 00653 a2200229 4500
003 - CONTROL NUMBER IDENTIFIER
control field OSt
005 - DATE AND TIME OF LATEST TRANSACTION
control field 20180116182811.0
008 - FIXED-LENGTH DATA ELEMENTS--GENERAL INFORMATION
fixed length control field 160615b xxu||||| |||| 00| 0 eng d
020 ## - INTERNATIONAL STANDARD BOOK NUMBER
International Standard Book Number 0256022607
020 ## - INTERNATIONAL STANDARD BOOK NUMBER
International Standard Book Number 9780256022605
040 ## - CATALOGING SOURCE
Original cataloging agency 1
Transcribing agency 1
100 1# - MAIN ENTRY--PERSONAL NAME
Personal name Zikmund G.William.
245 10 - TITLE STATEMENT
Title Business research methods /
Statement of responsibility, etc. William G. Zikmund
250 ## - EDITION STATEMENT
Edition statement 7 th edition
260 ## - PUBLICATION, DISTRIBUTION, ETC.
Place of publication, distribution, etc. india edition :
Name of publisher, distributor, etc. thomson.
Date of publication, distribution, etc. 2003.
300 ## - PHYSICAL DESCRIPTION
Extent 748 p. ;
Dimensions 23 cm.
490 1# - SERIES STATEMENT
Series statement The irwin series in information and decision sciences.
500 ## - GENERAL NOTE
General note paperback.
856 40 - ELECTRONIC LOCATION AND ACCESS
Materials specified Amazon.com
856 40 - ELECTRONIC LOCATION AND ACCESS
Materials specified Amazon customer reviews
942 ## - ADDED ENTRY ELEMENTS (KOHA)
Institution code [OBSOLETE] NBS
Koha item type Book
Call number prefix 658.403072 ZIK
Source of classification or shelving scheme
Holdings
Withdrawn status Lost status Damaged status Not for loan Permanent Location Current Location Date acquired Total Checkouts Full call number Barcode Date last seen Date last checked out Price effective from Koha item type
        Central Library (CL) Central Library (CL) 08/28/2013 2 658.403072 EMO NBS2778 06/19/2017 02/13/2017 08/28/2013 Book
© 2023 Central Library, National University of Sciences and Technology. All Rights Reserved.